000 00620nam a2200241Ia 4500
001 25520
005 20240114000847.0
007 ta
008 060426s g b000 u 465 u
040 _aCotton College,Assam
041 _a465
082 _a823
_bD 742 C
100 _aDostoiefsky, Fedor .
245 0 _aCrime and Punishment /
_cFedor Dostoiefsky.
_hTextual Documents
250 _a1st ed. /
260 _aLondon :
_bSimpkin Marshall ,
_cnd.
300 _a455p. ;
_c21cm.
653 _aEnglish Novel
653 _aG-English
942 _2ddc
_cBK
999 _c25502
_d25502